000
00261nam a2200121Ia 4500
008
190216s9999||||xx |||||||||||||| ||und||
100
_a
Ramesh Vattingavil
245
0
_a
Maunam Parayunnu
260
_b
Lipi Pub
300
_a
64
650
_a
Novel
942
_c
BK
999
_c
28824
_d
28824